[Event "East Detroit (MCO/4/14)"]
[Site "?"]
[Date "1985.??.??"]
[Round "?"]
[White "Ifill, Don"]
[Black "Haluska, James"]
[Result "0-1"]
[WhiteElo "1810"]
[BlackElo "2035"]
[PlyCount "124"]
[EventDate "1985.??.??"]

{4/(14)} 1. a3 Nf6 2. g3 g6 3. b3 Bg7 4. Bb2 O-O 5. Bg2 d5 6. d3 Re8 7. Nd2 e5
8. e3 Nc6 9. Ne2 Be6 10. Nf3 Qd6 11. O-O Rad8 12. Rc1 Ng4 13. h3 Nh6 14. c3 f6
15. b4 Nf7 16. e4 dxe4 17. dxe4 Bc4 18. Qxd6 Nxd6 19. Rfe1 Nxe4 20. b5 Na5 21.
Ned4 exd4 22. cxd4 Nd6 23. Nd2 Rxe1+ 24. Rxe1 Kf8 25. Bc3 b6 26. Bb4 Bxb5 27.
Rc1 Kg8 28. Rxc7 Nf7 29. d5 Bf8 30. Ne4 Kg7 31. Bc3 Rd7 32. Rc8 Be7 33. g4 Nd6
34. Nxd6 Bxd6 35. g5 Be5 36. gxf6+ Bxf6 37. Bb4 Nb7 38. Bf8+ Kf7 39. d6 Bd8 40.
Bxb7 Kxf8 41. Bf3 Rxd6 42. Ra8 a5 43. Bg4 Kg7 44. Ra7+ Kh6 45. Rf7 Bf6 46. Bf3
Bb2 47. h4 Bxa3 48. h5 Bd3 49. hxg6 Bxg6 50. Rf4 Bc5 51. Be2 Kg7 52. Bb5 Rf6
53. Rxf6 Kxf6 54. Kg2 Ke5 55. Kg3 Bd6 56. Kg4 Bc2 57. Bc4 Kd4 58. Bg8 b5 59. f4
Bxf4 60. Kxf4 a4 61. Kf3 b4 62. Ke2 Kc3 0-1

[Event "East Lansing (MI Op/1b/10)"]
[Site "?"]
[Date "1985.??.??"]
[Round "?"]
[White "Huttar, C.."]
[Black "Norcross, John"]
[Result "1/2-1/2"]
[WhiteElo "1825"]
[BlackElo "2065"]
[PlyCount "62"]
[EventDate "1985.??.??"]

1. e4 e5 2. Nf3 Nc6 3. d4 exd4 4. Nxd4 Bc5 5. Be3 Qf6 6. c3 Nge7 7. Be2 d5 8.
Bf3 Ne5 9. exd5 O-O 10. O-O Bxd4 11. cxd4 Nxf3+ 12. Qxf3 Qxf3 13. gxf3 Nxd5 14.
Nc3 Be6 15. Rac1 c6 16. b3 Nxc3 17. Rxc3 Bd5 18. Bc1 Rfe8 19. Re3 Re6 20. Rfe1
Rae8 21. Rxe6 Rxe6 22. Rxe6 fxe6 23. Kg2 Kf7 24. Kg3 a5 25. Kf4 Kf6 26. h4 b6
27. Bd2 g6 28. Bc3 Kf7 29. Bd2 Kf6 30. Bc3 Kf7 31. Bd2 Kf6 1/2-1/2

[Event "East Lansing (MI Op/5/14)"]
[Site "?"]
[Date "1985.??.??"]
[Round "?"]
[White "Huttar, C.."]
[Black "Forte, Joe"]
[Result "1-0"]
[WhiteElo "1825"]
[BlackElo "2035"]
[PlyCount "61"]
[EventDate "1985.??.??"]

{5/(14)} 1. d4 Nf6 2. c4 c5 3. Nf3 g6 4. Nc3 Bg7 5. e4 cxd4 6. Nxd4 Nc6 7. Nxc6
bxc6 8. e5 Ng8 9. Bf4 Qa5 10. Be2 Bxe5 11. Bxe5 Qxe5 12. O-O Nf6 13. Re1 Qc7
14. Bf3 Rb8 15. Qd4 Kf8 16. Rxe7 Kxe7 17. Nd5+ cxd5 18. Re1+ Ne4 19. cxd5 f5
20. Bxe4 fxe4 21. d6+ Qxd6 22. Rxe4+ Qe6 23. Rxe6+ dxe6 24. Qxh8 Kd6 25. b4 a6
26. h3 Kd5 27. Qd8+ Ke4 28. f3+ Ke3 29. Qc7 Ra8 30. Qc6 Rb8 31. Qc5+ 1-0

[Event "East Lansing (MI Op/3/11)"]
[Site "?"]
[Date "1985.??.??"]
[Round "?"]
[White "Huttar, C.."]
[Black "Baze, Lineas"]
[Result "1-0"]
[WhiteElo "1825"]
[BlackElo "2060"]
[PlyCount "111"]
[EventDate "1985.??.??"]

{3/(11)} 1. Nf3 d5 2. g3 c5 3. Bg2 Nc6 4. O-O Nf6 5. d3 e6 6. Nbd2 Be7 7. e4
O-O 8. Nh4 b5 9. f4 Bb7 10. Nhf3 Qb6 11. c3 dxe4 12. Nxe4 c4+ 13. Kh1 cxd3 14.
Nxf6+ Bxf6 15. Qxd3 Rfd8 16. Qe2 b4 17. Be3 Qc7 18. Qc4 Qa5 19. Nd4 Nxd4 20.
Bxb7 Rab8 21. cxb4 Qb6 22. Bg2 Qxb4 23. Qxb4 Rxb4 24. Rf2 a5 25. Rd1 Nf5 26.
Rxd8+ Bxd8 27. Bc5 Rc4 28. Ba7 Bf6 29. Bf1 Re4 30. Bb6 h6 31. Bxa5 Bd4 32. Bd3
Re3 33. Bxf5 exf5 34. Rc2 Rd3 35. Bd2 Rf3 36. Bc3 Rf1+ 37. Kg2 Rg1+ 38. Kf3 Bb6
39. Bb4 Rf1+ 40. Ke2 Ra1 41. a3 g5 42. fxg5 hxg5 43. Be7 g4 44. Bc5 Bxc5 45.
Rxc5 Rh1 46. Rxf5 Rxh2+ 47. Rf2 Rh3 48. Rg2 Rh1 49. Ke3 f5 50. Rf2 Rg1 51. Kf4
Kg7 52. Kxf5 Rxg3 53. Rf4 Rb3 54. Rxg4+ Kf7 55. Rg2 Rb5+ 56. Ke4 1-0

[Event "Westland (SEMO Res/3/29)"]
[Site "?"]
[Date "1985.??.??"]
[Round "?"]
[White "Hutchings, C.."]
[Black "Sutter, P.."]
[Result "0-1"]
[WhiteElo "1605"]
[BlackElo "1740"]
[PlyCount "114"]
[EventDate "1985.??.??"]

{3/(29)} 1. d4 Nf6 2. e3 e6 3. Bd3 d5 4. Nd2 c5 5. c3 Nc6 6. f4 Bd7 7. Ngf3 c4
8. Bc2 Bd6 9. O-O Qc7 10. Ne5 Ng8 11. Rf3 f6 12. Nxd7 Qxd7 13. Rh3 Nh6 14. e4
Bxf4 15. exd5 exd5 16. Nf3 Bxc1 17. Rxc1 O-O-O 18. b3 Nf5 19. Nh4 Nxh4 20. Rxh4
g6 21. Qf3 f5 22. Rh5 Qe7 23. Rh3 Qg5 24. Rb1 Qd2 25. Qf2 Qxf2+ 26. Kxf2 Rde8
27. bxc4 dxc4 28. Ba4 Re4 29. Re3 Rxe3 30. Kxe3 Ne7 31. Rb5 a6 32. Rc5+ Kb8 33.
Re5 Nc8 34. Kf4 b5 35. Bc2 Nd6 36. a4 Re8 37. Rxe8+ Nxe8 38. axb5 axb5 39. Ke5
Kc7 40. Ke6 Nd6 41. Kf6 Ne4+ 42. Kg7 Nxc3 43. Kxh7 b4 44. Kxg6 b3 45. Bxf5 b2
46. Bc2 b1=Q 47. Bxb1 Nxb1 48. h4 c3 49. h5 c2 50. h6 c1=Q 51. h7 Qc6+ 52. Kf7
Qh6 53. Kg8 Qg6+ 54. Kh8 Nc3 55. g4 Ne4 56. d5 Nd6 57. g5 Nf7# 0-1

[Event "Westland (SEMO Res/1b/12)"]
[Site "?"]
[Date "1985.??.??"]
[Round "?"]
[White "Hutchings, C.."]
[Black "Sanborn, Richard"]
[Result "0-1"]
[WhiteElo "1605"]
[BlackElo "1765"]
[PlyCount "62"]
[EventDate "1985.??.??"]

1. d4 Nf6 2. c4 e6 3. Nc3 Bb4 4. Bd2 c5 5. e3 O-O 6. Nf3 Nc6 7. Bd3 d5 8. cxd5
exd5 9. O-O Bg4 10. dxc5 Bxc5 11. Be2 Ne4 12. Ne1 Be6 13. Bd3 Nxd2 14. Qxd2 d4
15. Ne4 dxe3 16. fxe3 Bb6 17. Qf2 Nb4 18. Bb1 Qe7 19. Ng5 Qxg5 20. a3 Bxe3 21.
axb4 Bc4 22. Ra5 Bxf2+ 23. Rxf2 Qc1 24. Bxh7+ Kxh7 25. Re5 Rae8 26. Rc2 Qd1 27.
Rh5+ Kg6 28. g4 Qxe1+ 29. Kg2 Qf1+ 30. Kg3 Re3+ 31. Kh4 Rh3# 0-1

[Event "East Detroit (MCO/1/35)"]
[Site "?"]
[Date "1985.??.??"]
[Round "?"]
[White "Hosey, L.."]
[Black "Nelson, M.."]
[Result "1-0"]
[WhiteElo "1830"]
[BlackElo "1605"]
[PlyCount "59"]
[EventDate "1985.??.??"]

{1/(35)} 1. e4 e5 2. Nf3 Nc6 3. Bb5 a6 4. Ba4 Nf6 5. O-O Be7 6. c3 b5 7. Bc2
O-O 8. d4 d6 9. h3 Bb7 10. Be3 Qd7 11. Nbd2 h6 12. Rc1 Rfe8 13. Re1 Rad8 14.
Bb1 Na5 15. dxe5 dxe5 16. Nxe5 Qe6 17. Nef3 Nxe4 18. Nd4 Qe5 19. f4 Qf5 20.
Nxf5 Nf6 21. Nxe7+ Rxe7 22. Qc2 g6 23. Bd4 Rxe1+ 24. Rxe1 Kg7 25. Re7 Kf8 26.
Bxf6 Rd6 27. Ne4 Rxf6 28. Nxf6 Kxe7 29. Qe2+ Kxf6 30. Qe5# 1-0

[Event "East Detroit (MCO/3/30)"]
[Site "?"]
[Date "1985.??.??"]
[Round "?"]
[White "Hosey, L.."]
[Black "Clines, S.."]
[Result "1-0"]
[WhiteElo "1830"]
[BlackElo "1605"]
[PlyCount "43"]
[EventDate "1985.??.??"]

{3/(30)} 1. e4 e6 2. d4 d5 3. Nc3 Bb4 4. e5 c5 5. Nf3 Nc6 6. Be2 Nge7 7. Bf4
Qb6 8. Be3 a6 9. dxc5 Bxc3+ 10. bxc3 Qc7 11. O-O O-O 12. Bd4 Ng6 13. Bd3 Ncxe5
14. Bxe5 Nxe5 15. Bxh7+ Kxh7 16. Ng5+ Kg6 17. f4 f6 18. fxe5 Qxc5+ 19. Kh1 fxg5
20. Qd3+ Kh6 21. Qh3+ Kg6 22. g4 1-0

[Event "East Detroit (MCO/5/26)"]
[Site "?"]
[Date "1985.??.??"]
[Round "?"]
[White "Hosey, L.."]
[Black "Ball, Ed"]
[Result "1-0"]
[WhiteElo "1830"]
[BlackElo "1605"]
[PlyCount "69"]
[EventDate "1985.??.??"]

{5/(26)} 1. e4 c5 2. Nf3 d6 3. d4 cxd4 4. Nxd4 Nf6 5. Nc3 g6 6. f3 Bg7 7. Be3
O-O 8. Qd2 Nc6 9. O-O-O Bd7 10. Be2 a6 11. h4 Rc8 12. g4 Ne5 13. h5 Qc7 14.
hxg6 fxg6 15. Bh6 Bxh6 16. Qxh6 Rf7 17. Rh2 Bxg4 18. Rdh1 Bxf3 19. Bxf3 Neg4
20. Bxg4 Nxg4 21. Qxg6+ hxg6 22. Rh8+ Kg7 23. R1h7+ Kf6 24. Nd5+ Ke5 25. Nxc7
Rf1+ 26. Kd2 Rxc7 27. Ne2 Rf2 28. Re8 Ke6 29. Rg8 Ne5 30. Rgg7 Nc4+ 31. Ke1 Rf6
32. b3 Ne5 33. Nd4+ Kd7 34. Rxe7+ Kd8 35. Rxc7 1-0

[Event "Midwest Masters"]
[Site "Chicago"]
[Date "1985.??.??"]
[Round "4"]
[White "Holliman, B.."]
[Black "Finegold, Ben"]
[Result "1/2-1/2"]
[WhiteElo "2200"]
[BlackElo "2245"]
[PlyCount "54"]
[EventDate "1985.??.??"]

1. c4 e5 2. Nc3 Nf6 3. g3 d5 4. cxd5 Nxd5 5. Qb3 Nb6 6. Bg2 Be6 7. Qc2 Nc6 8.
Nf3 Be7 9. O-O O-O 10. d3 f5 11. h4 h6 12. a3 a5 13. Be3 Nd5 14. Nxd5 Bxd5 15.
Bc5 f4 16. e4 fxe3 17. fxe3 Bxc5 18. Qxc5 Qd6 19. Rac1 a4 20. d4 Ra5 21. Qxd6
cxd6 22. dxe5 dxe5 23. Nd2 Bxg2 24. Kxg2 Rb5 25. Rc2 Rd8 26. Ne4 Rd3 27. Re1
Rbd5 1/2-1/2

[Event "New York op"]
[Site "New York"]
[Date "1985.??.??"]
[Round "5"]
[White "Hoffmann, Asa"]
[Black "Finegold, Ben"]
[Result "1/2-1/2"]
[WhiteElo "2315"]
[BlackElo "2245"]
[PlyCount "44"]
[EventDate "1985.03.??"]

1. Nc3 e5 2. Nf3 Nc6 3. d4 exd4 4. Nxd4 Bc5 5. Nb3 Bb6 6. Nd5 Nf6 7. Nxb6 axb6
8. Bg5 h6 9. Bh4 Ra4 10. Bg3 O-O 11. e3 d6 12. c3 Qe7 13. Bb5 Ra8 14. O-O Bf5
15. Nd4 Nxd4 16. exd4 Ne4 17. Re1 Qg5 18. Re3 Nxg3 19. Rxg3 Qf6 20. Qf3 Qe6 21.
Qf4 c6 22. Re3 Rxa2 1/2-1/2

[Event "East Detroit (MCO/2/35)"]
[Site "?"]
[Date "1985.??.??"]
[Round "?"]
[White "Hobbs, Raymond"]
[Black "Roland, J.."]
[Result "1-0"]
[WhiteElo "1675"]
[BlackElo "1605"]
[PlyCount "45"]
[EventDate "1985.??.??"]

{2/(35)} 1. d4 d5 2. c4 e6 3. Nc3 c6 4. c5 Be7 5. Bf4 Nf6 6. e3 Nbd7 7. Bd3 b6
8. b4 a5 9. a3 Ba6 10. Bxa6 Rxa6 11. b5 cxb5 12. Nxb5 bxc5 13. Nc7+ Kf8 14.
Nxa6 Ne4 15. Nxc5 Ndxc5 16. dxc5 Bxc5 17. Ne2 Qf6 18. O-O e5 19. Bg3 d4 20.
exd4 exd4 21. Qb1 g6 22. Qxe4 Qa6 23. Qe5 1-0

[Event "East Detroit (MCO/4/32)"]
[Site "?"]
[Date "1985.??.??"]
[Round "?"]
[White "Hobbs, Raymond"]
[Black "Roberts, Kenneth"]
[Result "1/2-1/2"]
[WhiteElo "1675"]
[BlackElo "1605"]
[PlyCount "100"]
[EventDate "1985.??.??"]

{4/(32)} 1. d4 Nf6 2. c4 e6 3. Nc3 Bb4 4. a3 Bxc3+ 5. bxc3 b6 6. Bg5 Bb7 7. f3
h6 8. Bh4 d6 9. e4 g5 10. Bg3 Nh5 11. Bd3 Nd7 12. Qc2 Nxg3 13. hxg3 e5 14. Ne2
Qf6 15. g4 O-O-O 16. Kf2 c5 17. d5 Rh7 18. Ng3 Rdh8 19. Rh3 Kc7 20. Rah1 Bc8
21. Qa4 Bb7 22. Nf5 Qg6 23. g3 f6 24. Rh5 a5 25. Ke3 Nb8 26. Qc2 Bc8 27. Rb1
Nd7 28. Qb2 Ba6 29. Qa2 Qe8 30. Rbh1 Qg6 31. Qh2 Bc8 32. Nxh6 Nf8 33. Nf5 Bd7
34. Rxh7 Rxh7 35. Qg2 Rxh1 36. Qxh1 Bxf5 37. exf5 Qh7 38. Qh5 Qxh5 39. gxh5 Nh7
40. g4 Kb7 41. Bc2 b5 42. Kd2 Kb6 43. Kc1 Nf8 44. Kb2 Nh7 45. cxb5 Nf8 46. Kc1
Nh7 47. a4 Nf8 48. Kd2 Nh7 49. c4 Nf8 50. Ke3 Nh7 1/2-1/2

[Event "East Detroit (MCO/6/20)"]
[Site "?"]
[Date "1985.??.??"]
[Round "?"]
[White "Hobbs, Raymond"]
[Black "Gould, J.."]
[Result "1-0"]
[WhiteElo "1670"]
[BlackElo "1910"]
[PlyCount "115"]
[EventDate "1985.??.??"]

{6/(20)} 1. d4 Nf6 2. c4 e5 3. dxe5 Ng4 4. f4 Bc5 5. Nh3 f6 6. e4 d6 7. Be2 h5
8. exd6 cxd6 9. f5 Qb6 10. Bxg4 hxg4 11. Qxg4 g5 12. Qe2 Nc6 13. Nc3 Nd4 14.
Qd3 Bb4 15. Bd2 Ba5 16. Na4 Bxd2+ 17. Qxd2 Qc6 18. Qxd4 Qxa4 19. Qxf6 Qb4+ 20.
Qc3 Qxc3+ 21. bxc3 g4 22. Nf4 Kf7 23. Rd1 Re8 24. Rd4 Bxf5 25. O-O Rxe4 26. Nd5
Kg6 27. Rxe4 Bxe4 28. Rf6+ Kg5 29. Rxd6 Rc8 30. Ne3 Bb1 31. a3 Be4 32. Rd4 Re8
33. Kf2 Kh4 34. Nxg4 Rf8+ 35. Nf6 Kg5 36. Rxe4 Rxf6+ 37. Ke3 Ra6 38. h4+ Kh5
39. g3 Rxa3 40. Re5+ Kh6 41. Kd4 Ra1 42. g4 b6 43. Re6+ Kg7 44. c5 Ra4+ 45. Kd5
bxc5 46. Kxc5 a5 47. c4 Ra1 48. Ra6 Rg1 49. g5 a4 50. Rxa4 Rg4 51. Ra7+ Kg6 52.
Ra6+ Kg7 53. Rh6 Rf4 54. Kb5 Rf1 55. c5 Rb1+ 56. Kc6 Rd1 57. Kc7 Rf1 58. c6 1-0

[Event "Westland (SEMO/1b/4)"]
[Site "?"]
[Date "1985.??.??"]
[Round "?"]
[White "Hendricks, Marcus"]
[Black "Van Meter, L.."]
[Result "1-0"]
[WhiteElo "1870"]
[BlackElo "2290"]
[PlyCount "107"]
[EventDate "1985.??.??"]

1. d4 d5 2. c4 c6 3. cxd5 cxd5 4. Nc3 Nf6 5. Nf3 Nc6 6. h3 Bf5 7. Bf4 e6 8. e3
Bb4 9. a3 Bxc3+ 10. bxc3 O-O 11. Bd3 Ne4 12. Bxe4 Bxe4 13. O-O Na5 14. Ne5 Rc8
15. Rc1 f6 16. Nd3 Bxd3 17. Qxd3 Nc4 18. Rfe1 Qd7 19. e4 Nxa3 20. Ra1 Nb5 21.
exd5 exd5 22. Rec1 a6 23. c4 dxc4 24. Rxc4 Qd5 25. Rac1 Rxc4 26. Qxc4 Qxc4 27.
Rxc4 Rd8 28. Be3 Kf7 29. Kf1 Ke6 30. Ke2 Rd6 31. Kd3 Rc6 32. Rxc6+ bxc6 33. Kc4
g5 34. Kc5 Kd7 35. f4 Nc7 36. fxg5 fxg5 37. g4 Ne6+ 38. Kc4 Kd6 39. Bd2 h6 40.
Bb4+ Kd7 41. Bd2 Kd6 42. Bb4+ Kc7 43. d5 Nf4 44. dxc6 Nxh3 45. Bf8 h5 46. gxh5
g4 47. Kc5 Ng5 48. Bd6+ Kc8 49. h6 Ne4+ 50. Kd5 Nf6+ 51. Ke6 Nh7 52. Kf5 a5 53.
Kg6 a4 54. Kxh7 1-0

[Event "Westland (SEMO/5/10)"]
[Site "?"]
[Date "1985.??.??"]
[Round "?"]
[White "Hendricks, Marcus"]
[Black "Jarosz, Stan"]
[Result "1/2-1/2"]
[WhiteElo "1870"]
[BlackElo "2030"]
[PlyCount "100"]
[EventDate "1985.??.??"]

{5/(10)} 1. d4 d5 2. c4 e6 3. Nc3 Be7 4. Nf3 Nf6 5. h3 O-O 6. Bf4 c5 7. e3 Nc6
8. cxd5 exd5 9. dxc5 Bxc5 10. Bb5 a6 11. Bxc6 bxc6 12. O-O Be7 13. Rc1 c5 14.
Ne5 Qb6 15. Nxd5 Nxd5 16. Qxd5 Be6 17. Qd2 Rfd8 18. Qc2 Bxa2 19. b4 Be6 20.
bxc5 Qb5 21. c6 Rd5 22. Rb1 Qc5 23. Qe4 Bd6 24. Rfc1 Rxe5 25. Rxc5 Rxe4 26.
Bxd6 a5 27. c7 Rb4 28. Rxb4 axb4 29. Rb5 Rc8 30. Rxb4 f6 31. Rb8 Kf7 32. Rxc8
Bxc8 33. f4 f5 34. Kf2 h5 35. Kg3 g6 36. Kh4 Bd7 37. Kg3 Ke6 38. Be5 Bc8 39.
Kf2 Ba6 40. Ke1 Kd5 41. Kd2 Kc6 42. Kc3 Kd7 43. Kd4 Bf1 44. g4 hxg4 45. hxg4
fxg4 46. e4 g3 47. f5 g2 48. Bh2 gxf5 49. exf5 g1=Q+ 50. Bxg1 Kxc7 1/2-1/2

[Event "Westland (SEMO/2/8)"]
[Site "?"]
[Date "1985.??.??"]
[Round "?"]
[White "Hendricks, Marcus"]
[Black "Avery, Robert W"]
[Result "1/2-1/2"]
[WhiteElo "1870"]
[BlackElo "2150"]
[PlyCount "103"]
[EventDate "1985.??.??"]

{2/(8)} 1. d4 Nf6 2. c4 g6 3. Nc3 d5 4. Nf3 Bg7 5. h3 O-O 6. Bf4 c5 7. e3 Qa5
8. Qa4 Qb6 9. Qb5 Qxb5 10. Nxb5 Na6 11. dxc5 Bf5 12. Nbd4 Nxc5 13. Nxf5 gxf5
14. cxd5 Nxd5 15. Be5 Nb4 16. Bxg7 Kxg7 17. Nd4 b6 18. a3 Nbd3+ 19. Bxd3 Nxd3+
20. Ke2 Nxb2 21. Nxf5+ Kf6 22. Nd4 Rac8 23. Rhc1 Rfd8 24. Nb5 a6 25. Nd4 b5 26.
Nc6 Rd7 27. Nb4 Rxc1 28. Rxc1 a5 29. Rc6+ e6 30. Nc2 Nc4 31. Nd4 Nxa3 32. Ra6
Nc4 33. Nxb5 Rd2+ 34. Kf3 Ra2 35. Kg3 Rb2 36. Nc3 h6 37. Ra7 Kg7 38. h4 Rb3 39.
Ne4 Rb4 40. Nc5 Kf6 41. e4 Rb5 42. Nb7 Ke5 43. f3 Kd4 44. Nd8 h5 45. Nxf7 Kc3
46. Nd8 e5 47. Nc6 Rc5 48. Nxa5 Rxa5 49. Rh7 Kd4 50. Rxh5 Ke3 51. Rh8 Ra7 52.
Rg8 1/2-1/2

[Event "East Detroit (MCO/1/45)"]
[Site "?"]
[Date "1985.??.??"]
[Round "?"]
[White "Hawley, T.."]
[Black "Torvik, D.."]
[Result "1-0"]
[WhiteElo "1605"]
[BlackElo "1605"]
[PlyCount "111"]
[EventDate "1985.??.??"]

{1/(45)} 1. d4 d5 2. c4 e6 3. Nc3 Nf6 4. Bg5 Be7 5. Nf3 a6 6. e3 Nbd7 7. Bd3
dxc4 8. Bxc4 O-O 9. Qc2 Re8 10. O-O Nf8 11. Rad1 b5 12. Bb3 Bb7 13. d5 exd5 14.
Bxf6 Bxf6 15. Bxd5 Bxd5 16. Nxd5 h6 17. Nb6 Qxd1 18. Rxd1 cxb6 19. Qc7 Red8 20.
Rxd8 Rxd8 21. Kf1 Rd1+ 22. Ke2 Ra1 23. Ne5 Bxe5 24. Qxe5 Rxa2 25. f4 b4 26. Kd2
Ra5 27. Qd6 Rb5 28. b3 Ne6 29. Qc6 Nc5 30. Kc2 Ne6 31. Qa8+ Kh7 32. Qxa6 Rc5+
33. Kb2 b5 34. Qd6 Rc3 35. Qxb4 Rxe3 36. Qd2 Re4 37. Qd3 f5 38. Qxb5 g6 39.
Qd7+ Ng7 40. Ka3 Rxf4 41. b4 Rf2 42. b5 Rxg2 43. b6 Rxh2 44. b7 Rh3+ 45. Kb4
Rh2 46. Kc5 Rc2+ 47. Kb6 Rb2+ 48. Kc7 Rxb7+ 49. Kxb7 h5 50. Kc8 Kh6 51. Qd2+ g5
52. Qd6+ Kh7 53. Kd8 h4 54. Ke7 h3 55. Kf7 f4 56. Qg6+ 1-0

[Event "Westland (SEMO/1b/8)"]
[Site "?"]
[Date "1985.??.??"]
[Round "?"]
[White "Harrold, K.."]
[Black "Shavalier, J.."]
[Result "0-1"]
[WhiteElo "1820"]
[BlackElo "2105"]
[PlyCount "56"]
[EventDate "1985.??.??"]

1. b3 e5 2. Bb2 d6 3. g3 f5 4. Bg2 Nf6 5. d3 c6 6. Nd2 Be6 7. Ngf3 Nbd7 8. Ng5
Bg8 9. e4 h6 10. Nh3 Be6 11. Qe2 Be7 12. f4 fxe4 13. Nxe4 Bg4 14. Qd2 Qc7 15.
Nhf2 Be6 16. O-O-O O-O-O 17. Kb1 d5 18. Nxf6 Bxf6 19. fxe5 Nxe5 20. Qe3 Rhe8
21. Rde1 d4 22. Bxd4 Ng4 23. Nxg4 Bxd4 24. Qe4 Qa5 25. Kc1 Bf7 26. Qf3 Rxe1+
27. Rxe1 Qxe1+ 28. Qd1 Qxd1+ 0-1

[Event "East Lansing (MI Op/5/25)"]
[Site "?"]
[Date "1985.??.??"]
[Round "?"]
[White "Harrold, Alvin"]
[Black "Smith, Les L"]
[Result "0-1"]
[WhiteElo "1830"]
[BlackElo "1980"]
[PlyCount "84"]
[EventDate "1985.??.??"]

{5/(25)} 1. b4 Nf6 2. Bb2 b6 3. g3 Bb7 4. Nf3 e6 5. b5 c5 6. Bg2 d5 7. Ne5 Bd6
8. c4 O-O 9. O-O Nbd7 10. f4 Qc7 11. d4 cxd4 12. Nxd7 Nxd7 13. cxd5 Bxd5 14.
Bxd5 exd5 15. Bxd4 Rfd8 16. Nc3 Nf6 17. Rc1 Bc5 18. e3 Bxd4 19. Qxd4 Qc4 20.
Rfd1 Rac8 21. Rd3 Ne4 22. Qxc4 Rxc4 23. Ne2 Rxc1+ 24. Nxc1 Kf8 25. Ne2 Rc8 26.
Nd4 Rc5 27. Kg2 Nc3 28. a3 Nxb5 29. Nxb5 Rxb5 30. Kf3 Ke7 31. g4 Ke6 32. h3 f5
33. a4 fxg4+ 34. hxg4 Rb4 35. Ra3 Kd6 36. a5 b5 37. Ke2 a6 38. Kd3 g5 39. f5
Rxg4 40. Rc3 Rc4 41. f6 Rxc3+ 42. Kxc3 g4 0-1

[Event "East Lansing (MI Op/2/23)"]
[Site "?"]
[Date "1985.??.??"]
[Round "?"]
[White "Harrold, Alvin"]
[Black "Moody, David"]
[Result "0-1"]
[WhiteElo "1830"]
[BlackElo "2060"]
[PlyCount "56"]
[EventDate "1985.??.??"]

{2/(23)} 1. Nf3 Nc6 2. b3 e5 3. d3 Bc5 4. Bb2 d6 5. e3 f5 6. Be2 Nf6 7. O-O O-O
8. c4 e4 9. Ne1 Qe8 10. Nc3 Ne7 11. Rc1 Ng6 12. Nb5 Bb6 13. d4 a6 14. Na3 f4
15. c5 Ba5 16. b4 f3 17. Nxf3 exf3 18. Bxf3 Bxb4 19. Qb3+ Kh8 20. Qxb4 Nh4 21.
Kh1 Nxf3 22. gxf3 Bh3 23. Rg1 Ne4 24. Rc2 Qf7 25. f4 Qh5 26. f3 Qxf3+ 27. Rgg2
Bxg2+ 28. Rxg2 Qf1+ 0-1

[Event "Westland (SEMO/3/12)"]
[Site "?"]
[Date "1985.??.??"]
[Round "?"]
[White "Harrold, Alvin"]
[Black "Mason, D.."]
[Result "0-1"]
[WhiteElo "1820"]
[BlackElo "2035"]
[PlyCount "48"]
[EventDate "1985.??.??"]

{3/(12)} 1. Nf3 Nf6 2. b3 g6 3. Bb2 Bg7 4. e4 d6 5. d4 Nxe4 6. Bd3 Nc5 7. Be2
Bf5 8. Nc3 Ne6 9. h3 c5 10. g4 cxd4 11. gxf5 dxc3 12. Bb5+ Nc6 13. Bc1 Nc7 14.
Bc4 Qd7 15. fxg6 hxg6 16. h4 O-O 17. Ng5 e6 18. Bf4 Ne5 19. Bf1 Qc6 20. f3 f6
21. Ne4 g5 22. Be3 d5 23. Nc5 d4 24. Bxd4 Nxf3+ 0-1

[Event "East Lansing (MI Op/4/24)"]
[Site "?"]
[Date "1985.??.??"]
[Round "?"]
[White "Harrold, Alvin"]
[Black "Eagle, Chris"]
[Result "1/2-1/2"]
[WhiteElo "1830"]
[BlackElo "1940"]
[PlyCount "83"]
[EventDate "1985.??.??"]

{4/(24)} 1. b3 Nf6 2. Bb2 Nc6 3. c4 e5 4. Nc3 d5 5. cxd5 Nxd5 6. Nxd5 Qxd5 7.
e3 Bf5 8. a3 Bc5 9. d3 Qd6 10. Qc2 Rd8 11. b4 Bb6 12. Rd1 O-O 13. Nf3 e4 14. d4
exf3 15. Qxf5 Rfe8 16. Qxf3 Nxb4 17. Bc4 Re7 18. O-O Nc6 19. Rb1 Nb8 20. Rfc1
c6 21. Bc3 Bc7 22. g3 Qh6 23. Rxb7 Rde8 24. Bb4 Bd6 25. Rxe7 Rxe7 26. Rb1 Qg6
27. Qd1 h6 28. Qb3 Rb7 29. Bd3 Qf6 30. Qc2 g6 31. Be4 Bxb4 32. Rxb4 Rxb4 33.
axb4 Qe7 34. Bxc6 Nxc6 35. Qxc6 Qxb4 36. Qa8+ Kg7 37. Qxa7 Qb1+ 38. Kg2 Qe4+
39. Kg1 Qb1+ 40. Kg2 Qe4+ 41. Kf1 Qb1+ 42. Ke2 1/2-1/2

[Event "East Detroit (MCO/4/10)"]
[Site "?"]
[Date "1985.??.??"]
[Round "?"]
[White "Harris, T.."]
[Black "Ward, Tim"]
[Result "1-0"]
[WhiteElo "2070"]
[BlackElo "1880"]
[PlyCount "55"]
[EventDate "1985.??.??"]

{4/(10)} 1. d4 e6 2. c4 d5 3. g3 Nf6 4. Bg2 b6 5. Nf3 Bb7 6. Ne5 Nbd7 7. Qa4 c6
8. O-O Nxe5 9. dxe5 Nd7 10. cxd5 cxd5 11. Nc3 a6 12. e4 b5 13. Qd1 b4 14. Nxd5
exd5 15. exd5 Nxe5 16. Re1 Bd6 17. f4 f6 18. fxe5 fxe5 19. Qh5+ g6 20. Rxe5+
Be7 21. Qe2 Kf7 22. Bh6 Re8 23. Rf1+ Kg8 24. Qf3 Bf8 25. Qf7+ Kh8 26. Rxe8 Qxe8
27. Qxf8+ Qxf8 28. Rxf8+ 1-0

[Event "East Detroit (MCO/2/27)"]
[Site "?"]
[Date "1985.??.??"]
[Round "?"]
[White "Harris, T.."]
[Black "Iverson, B.."]
[Result "1-0"]
[WhiteElo "2070"]
[BlackElo "1635"]
[PlyCount "131"]
[EventDate "1985.??.??"]

{2/(27)} 1. d4 Nf6 2. c4 e6 3. g3 c5 4. Nf3 cxd4 5. Nxd4 Nc6 6. Bg2 Bb4+ 7. Bd2
Qe7 8. Nb5 O-O 9. O-O Bxd2 10. Qxd2 d5 11. cxd5 exd5 12. N1c3 a6 13. Nd4 Nxd4
14. Qxd4 Be6 15. Rac1 Rfd8 16. e3 b5 17. a3 Rd6 18. Qb4 Qd7 19. Rfd1 Rc8 20.
Ne2 Rc4 21. Rxc4 bxc4 22. Qb8+ Qd8 23. Qxd8+ Rxd8 24. Rd2 Rb8 25. Nc3 Rd8 26.
h3 Kf8 27. Ne2 Ke7 28. Nf4 Kd6 29. Kf1 Kc5 30. Ne2 Nd7 31. Ke1 Nb6 32. Nc3 Bf5
33. Bf1 Rd6 34. h4 d4 35. exd4+ Rxd4 36. Re2 Be6 37. Re5+ Kc6 38. Bg2+ Kc7 39.
Ra5 Bc8 40. Rc5+ Kd8 41. Rg5 g6 42. Re5 Rd6 43. Rc5 Nd7 44. Ra5 Kc7 45. Nd5+
Kb8 46. Nb4 Bb7 47. Bf1 Re6+ 48. Kd2 Ne5 49. Kc3 Ka7 50. f4 Ng4 51. Bxc4 Re3+
52. Kd4 Re4+ 53. Kc5 Nf6 54. Nd5 Nd7+ 55. Kb4 Nb6 56. Nxb6 Kxb6 57. Re5 f5 58.
Kc3 Rxe5 59. fxe5 Kc5 60. b4+ Kc6 61. Kd4 Kc7 62. Bg8 h6 63. Bh7 g5 64. hxg5
hxg5 65. Bxf5 Kd8 66. Kc5 1-0

[Event "East Detroit (MCO/6/4)"]
[Site "?"]
[Date "1985.??.??"]
[Round "?"]
[White "Harris, T.."]
[Black "Finegold, Ben"]
[Result "0-1"]
[WhiteElo "2070"]
[BlackElo "2330"]
[PlyCount "68"]
[EventDate "1985.??.??"]

{6/(4)} 1. d4 Nf6 2. c4 e6 3. g3 d5 4. Bg2 Be7 5. Nf3 O-O 6. O-O Nbd7 7. Qc2 c6
8. Bf4 Ne4 9. Nbd2 f5 10. Ne5 Nxe5 11. Bxe5 Bf6 12. Nf3 Bd7 13. Bxf6 Rxf6 14.
Ne5 Nd6 15. e3 Qe7 16. Rac1 Raf8 17. Qe2 Be8 18. c5 Nf7 19. Nxf7 Bxf7 20. f4
Rh6 21. Bf3 g5 22. Rf2 Kh8 23. Kf1 Qf6 24. Ke1 g4 25. Bh1 Rh3 26. Kd2 Kg7 27.
b4 h5 28. Qf1 h4 29. Qg1 hxg3 30. hxg3 Rfh8 31. Bg2 Rxg3 32. Kd3 Qh4 33. Rcc2
a5 34. Qe1 Rxg2 0-1

[Event "Westland (SEMO Res/4/28)"]
[Site "?"]
[Date "1985.??.??"]
[Round "?"]
[White "Hargett, D.."]
[Black "Vandenburg, V.E.."]
[Result "0-1"]
[WhiteElo "1605"]
[BlackElo "1605"]
[PlyCount "94"]
[EventDate "1985.??.??"]

{4/(28)} 1. e4 a6 2. d4 b5 3. Bf4 Bb7 4. Nd2 e6 5. c4 bxc4 6. Bxc4 Nf6 7. f3 c5
8. Nb3 cxd4 9. Qxd4 Nc6 10. Qf2 Bb4+ 11. Bd2 Be7 12. a3 Rc8 13. Qe2 Ra8 14. e5
Ng8 15. f4 Nh6 16. Be3 Na5 17. Nxa5 Qxa5+ 18. Qd2 Qc7 19. Rc1 Qd8 20. Nf3 O-O
21. Bd3 g6 22. f5 Nxf5 23. Bxf5 exf5 24. Bh6 Re8 25. h4 Bxf3 26. gxf3 Bxh4+ 27.
Ke2 Rxe5+ 28. Kf1 Bf6 29. Qc3 Re6 30. Qc7 Rc6 31. Qf4 Rac8 32. Re1 d6 33. Qe3
Qd7 34. Rh2 d5 35. Rhe2 Re6 36. Qd2 Bh4 37. Qd4 Bf6 38. Qf4 Qb5 39. Kf2 Qc5+
40. Kg2 g5 41. Rxe6 fxe6 42. Bxg5 e5 43. Qg3 Qc2+ 44. Kh3 f4 45. Bxf4+ Kf7 46.
Bxe5 Rg8 47. Qh2 Qf5# 0-1